Welcome to the Holygrace Academy Library

Please use search bar below to get started

ANTONY AND CLEOPATRA (Record no. 3485)

MARC details
000 -LEADER
fixed length control field 00287nam a22001337a 4500
082 ## - DEWEY DECIMAL CLASSIFICATION NUMBER
Classification number 823
Item number SHA/A
100 ## - MAIN ENTRY--AUTHOR NAME
Personal name SHAKESPEARE
245 ## - TITLE STATEMENT
Title ANTONY AND CLEOPATRA
250 ## - EDITION STATEMENT
Edition statement 1
260 ## - PUBLICATION, DISTRIBUTION, ETC. (IMPRINT)
Place of publication AVON
Name of publisher CHERRYTREE BOOK
Year of publication 1993
300 ## - PHYSICAL DESCRIPTION
Number of Pages 31
650 ## - SUBJECT ADDED ENTRY--TOPICAL TERM
Topical Term ENGLISH SHORT STORY
Geographic subdivision AVON
942 ## - ADDED ENTRY ELEMENTS (KOHA)
Koha item type Books
Holdings
Withdrawn status Lost status Collection code Home library Current library Shelving location Date acquired Source of acquisition Full call number Accession Number Koha item type
    Fiction Main Library Main Library SHELF 3- E- ENGLISH CHILDRENS LITERATURE &MYTHOLOGY 02/04/2007 PURCHASE 823 SHA/A 04229 Books